Star Wars Battlefront Maps - Statistics

General Stats
  • This quiz has been taken 329 times
  • The average score is 7 of 10
Answer Stats
Hint Answer % Correct
Platforms & Cloud City Bespin
92%
Echo Base Hoth
90%
Dune Sea & Mos Eisley Tatooine
88%
Bunker Endor
81%
Plains & Theed Naboo
81%
Spire Geonosis
62%
Tipoca City Kamino
60%
Temple & Arena Yavin 4
57%
Islands & Docks Kashyyyk
53%
Harbor & Citadel Rhen Var
23%
No matching quizzes found
Score Distribution
Percent of People with Each Score
Percentile by Number Answered
Your Score History
You have not taken this quiz